000 00464nam a2200181Ia 4500
001 11697
005 20260306162847.0
008 260306t1978||||xx |||||||||||||| ||spa||
041 _aESP
082 _a989.2071
_bG84
100 _aGuachalla, Luis Fernando
_eAUT
245 0 _aJayacubás:
_bcomentarios y crónicas de la guerra del chaco
260 _c1978
300 _a454 páginas :
_c21 cm.
650 _aGEN
654 _aCHU
942 _cLIB
_dJUS
_fJUS
_2ddc
_n
999 _c11697
_d11697